| 000 | 00385nam a2200157Ia 4500 | ||
|---|---|---|---|
| 003 | Ost | ||
| 005 | 20260225132539.0 | ||
| 008 | 260225s9999||||xx |||||||||||||| ||und|| | ||
| 040 | _cfsic | ||
| 041 | _afre | ||
| 082 | _a956.7044 | ||
| 100 |
_aLarbi ichboudene _eAuteur |
||
| 245 | 0 | _aAlger : | |
| 245 | 0 |
_bhistoire et capitale et destin national / _cLarbi ichboudene |
|
| 942 | _cكتاب | ||
| 999 |
_c33371 _d33371 |
||